| 000 | 01137cam a2200229 a 4500 | ||
|---|---|---|---|
| 001 | 000007292 | ||
| 005 | 20200929154125.0 | ||
| 008 | 990907s1999 mx a b 001 0 spa d | ||
| 040 |
_aDO-SdBNP _cFQG _dDLC |
||
| 082 |
_a920. _bM539t |
||
| 100 | 1 |
_aMendoza, Francisco de, _cCardenal, Obispo, _d1508-1566. _920247 |
|
| 245 | 1 | 3 |
_aEl tizón de la nobleza de España / _cpor el Cardenal Francisco de Mendoza y Bovadilla ; introducción, Armando Mauricio Escobar Olmedo ; prólogo, Fredo Arias de la Canal. |
| 260 |
_aMexico : _bFrente de Afirmación Hispanista, _c1999. |
||
| 300 |
_axlix, 235 p. : _bil. ; _c23 cm. |
||
| 500 | _aPublicado originalmente en el año 1880 como: El Tizón de la nobleza o española, máculas y sambenitos de sus linajes. | ||
| 504 | _aIncludes bibliographical references (p. 176-185) and index. | ||
| 650 | 0 |
_aTitles of honor and nobility _zSpain _vEarly works to 1800. _920248 |
|
| 650 | 0 |
_aNobility _zSpain _vGenealogy _vEarly works to 1800. _920249 |
|
| 700 | 1 |
_aEscobar Olmedo, Armando M. _q(Armando Mauricio). _920250 |
|
| 700 | 1 |
_aArias de la Canal, Fredo, _epról. _98096 |
|
| 910 | _aCatalogación por copia / LC | ||
| 999 |
_c7073 _d7073 |
||